| 000 | 01070nam a2200289 a 4500 | ||
|---|---|---|---|
| 001 | 000044037 | ||
| 003 | DO-SdBNP | ||
| 005 | 20150217151441.0 | ||
| 007 | 000044037 | ||
| 008 | 140513s1996 dr a 000 0 spa d | ||
| 040 |
_aBPMET _bspa _cBPMET |
||
| 092 |
_axxxxxxx _bxxxxxxx |
||
| 100 | 1 | _aLuciano López, Margarita | |
| 245 | 1 | 0 |
_aLiteratura infantil y desarrollo creativo / _cMargarita Luciano López, Eleanor Grimaldi Silié ; ilustraciones Orlando Guerrero, Rafael Sang Luciano. |
| 260 |
_aSanto Domingo, : _bTaller, _c1996. |
||
| 300 |
_a223 p. : _bil. ; _c28 cm. |
||
| 500 | _aIncluye datos biográficos de las autoras en la contracubierta | ||
| 504 | _aIncluye referencias bibliográficas y notas al pie de las páginas | ||
| 504 | _aBibliografías : p. 223 | ||
| 700 | 1 | _aGrimaldi Silié, Eleanor | |
| 700 | 1 |
_aGuerrero, Orlando, _eil. |
|
| 700 | 1 |
_aSang Luciano, Rafael, _eil. |
|
| 930 | 1 |
_lBND01 _mLF1 _820140513 _f01 _pHD _g44822 |
|
| 942 |
_2ddc _cBK |
||
| 956 |
_aWMENDOZA _b10 _c20140513 _lBND01 _h1540 |
||
| 956 |
_aBTAVAREZ _b10 _c20140604 _lBND01 _h1459 |
||
| 999 |
_c7433 _d7433 |
||